|
|
|
|
| LEADER |
00000nam0a2200000 4500 |
| 001 |
18089 |
| 005 |
20231030191149.0 |
| 010 |
|
|
|a 5020135577
|
| 035 |
|
|
|a (RuTPU)RU\TPU\book\18238
|
| 035 |
|
|
|a BOOK00018307
|
| 090 |
|
|
|a 18089
|
| 100 |
|
|
|a 20011209d1994 m y0rusy50 ca
|
| 101 |
0 |
|
|a rus
|
| 102 |
|
|
|a RU
|
| 105 |
|
|
|a y j 000zy
|
| 200 |
1 |
|
|a Философия политики
|e учебное пособие
|f А. С. Панарин
|
| 210 |
|
|
|a Москва
|c Наука
|d 1994
|
| 215 |
|
|
|a 365 с.
|
| 333 |
|
|
|a Исключено из фонда НТБ ТПУ
|
| 700 |
|
1 |
|a Панарин
|b А. С.
|g Александр Сергеевич
|
| 801 |
|
0 |
|a RU
|b 63413507
|c 20011209
|g PSBO
|
| 801 |
|
2 |
|a RU
|b 63413507
|c 20220427
|g PSBO
|
| 942 |
|
|
|c BK
|